HANDBOOK OF SANTHAL PARGANAS TENANCY LOWS WITH RULES (Record no. 8813)

MARC details
000 -LEADER
fixed length control field 00417nam a22001577a 4500
005 - DATE AND TIME OF LATEST TRANSACTION
control field 20250911115123.0
008 - FIXED-LENGTH DATA ELEMENTS--GENERAL INFORMATION
fixed length control field 250910b |||||||| |||| 00| 0 eng d
041 ## - LANGUAGE CODE
Language code of text/sound track or separate title eng
082 ## - DEWEY DECIMAL CLASSIFICATION NUMBER
Classification number 342.54 ROY-H
100 ## - MAIN ENTRY--AUTHOR NAME
Personal name ROY, PANDEY R.N
245 ## - TITLE STATEMENT
Title HANDBOOK OF SANTHAL PARGANAS TENANCY LOWS WITH RULES
260 ## - PUBLICATION, DISTRIBUTION, ETC. (IMPRINT)
Place of publication PRAYAGRAJ
Name of publisher RAJPAL AND COMPANY
300 ## - PHYSICAL DESCRIPTION
Number of Pages 352;P
650 ## - SUBJECT ADDED ENTRY--TOPICAL TERM
Topical Term LEGAL STUDIES
942 ## - ADDED ENTRY ELEMENTS (KOHA)
Koha item type Books
Holdings
Lost status Damaged status Collection code Home library Current library Shelving location Date acquired Source of acquisition Cost, normal purchase price Full call number Accession Number Koha item type
    LAW JRU Library JRU Library Reference Section 10/09/2025 PURCHASE 750.00 342.54 28836 Books
    LAW JRU Library JRU Library SHELF-30-D 10/09/2025 PURCHASE 750.00 342.54 28837 Books
    LAW JRU Library JRU Library SHELF-30-D 10/09/2025 PURCHASE 750.00 342.54 28838 Books